00441nam a2200157Ia 4500008004100000020001800041082001600059100003100075245004800106250000700154260004100161300003200202500001900234600001500253650001500268240925s9999 xx 000 0 und d a9788131517161 a658.421 KUR aKuratko, D. F.; Rao, T. V. 0aEntrepreneurship: A South Asian Perspective aNA aNew Delhi:bCengage Learningc,2012. aVarious pagesbNAfOriginal aIncludes Index aManagement aManagement